[Event "Titled Tuesday intern op 3rd April"]
[Site "Chess.com INT"]
[Date "2018.04.03"]
[Round "2"]
[White "Oparina, Karina"]
[Black "Balogh, Emese"]
[Result "1-0"]
[WhiteElo "2144"]
[BlackElo "2157"]
[PlyCount "109"]
[EventDate "2018.04.03"]
[EventType "swiss (blitz)"]
[EventRounds "10"]
[EventCountry "USA"]
[SourceTitle "EXT 2021"]
[Source "ChessBase"]
[SourceDate "2020.10.23"]
[SourceVersion "1"]
[SourceVersionDate "2020.10.23"]
[SourceQuality "1"]

1. Nf3 d5 2. g3 c6 3. Bg2 Bg4 4. 0-0 Nf6 5. h3 Bxf3 6. Bxf3 e6 7. d3 Bd6 8. c4 Nbd7 9. Qb3 Qb6 10. Qxb6 axb6 11. cxd5 exd5 12. Nc3 0-0 13. Bd2 Rfe8 14. a3 h6 15. b4 Ne5 16. Bg2 b5 17. f4 Ned7 18. Kf2 Ra6 19. e4 dxe4 20. dxe4 Bc7 21. e5 Bb6+ 22. Be3 Bxe3+ 23. Kxe3 Raa8 24. Kf2 Nh5 25. Ne4 Re7 26. Nd6 Nb6 27. Rfd1 g5 28. Bf3 Ng7 29. Be2 Nd5 30. Ne4 gxf4 31. Nf6+ Nxf6 32. exf6 fxg3+ 33. Kf1 Rxe2 34. Kxe2 Re8+ 35. Kf3 Nf5 36. Re1 Nd4+ 37. Kxg3 Rd8 38. Kf2 Rd6 39. Re8+ Kh7 40. Re7 Kg6 41. Rxb7 Kxf6 42. a4 Nc2 43. Rc1 Rd2+ 44. Kg3 Rd3+ 45. Kg2 Nxb4 46. axb5 cxb5 47. Rxb5 Nd5 48. Rc6+ Ke5 49. Rxh6 Ke4 50. Rh4+ Nf4+ 51. Kf2 f5 52. Rb4+ Ke5 53. Rhxf4 Ra3 54. Rf3 Ra2+ 55. Kg3 1-0

[Event "Titled Tuesday intern op 7th Febr"]
[Site "Chess.com INT"]
[Date "2017.02.07"]
[Round "7"]
[White "Balogh, Emese"]
[Black "Fernandez, Gumersindo"]
[Result "1-0"]
[WhiteElo "2157"]
[BlackElo "2323"]
[PlyCount "109"]
[EventDate "2017.02.07"]
[EventType "swiss (blitz)"]
[EventRounds "9"]
[EventCountry "USA"]
[SourceTitle "EXT 2021"]
[Source "ChessBase"]
[SourceDate "2020.10.23"]
[SourceVersion "1"]
[SourceVersionDate "2020.10.23"]
[SourceQuality "1"]

1. e4 e5 2. Nf3 Nc6 3. d4 exd4 4. Bc4 Nf6 5. e5 d5 6. Bb5 Ne4 7. Nxd4 Bd7 8. Bxc6 bxc6 9. 0-0 Bc5 10. Be3 Bb6 11. c3 0-0 12. f3 Ng5 13. f4 Ne4 14. Nd2 Nxd2 15. Qxd2 Qe7 16. Rae1 Qd8 17. f5 Re8 18. f6 Rxe5 19. fxg7 Qe7 20. Bf4 Re4 21. b4 a5 22. a3 axb4 23. axb4 Re8 24. Rxe4 Qxe4 25. h3 Re6 26. Kh2 Rg6 27. Nf3 Rxg7 28. Ne5 Be6 29. Nxc6 d4 30. Nxd4 Bxd4 31. cxd4 Bd5 32. Rf2 c6 33. Be5 Rg6 34. Qe2 Qxe2 35. Rxe2 Re6 36. Rf2 Kf8 37. g4 Ke7 38. g5 Kd7 39. Kg3 Ke7 40. Kg4 Be4 41. Rf4 Bg6 42. h4 Ke8 43. h5 Bd3 44. Rf2 Re7 45. h6 Rb7 46. Rb2 Bc4 47. Kf5 Bd3+ 48. Kf6 Bg6 49. Ra2 Rxb4 50. Ra7 Rb1 51. Rc7 Rf1+ 52. Kg7 Rf5 53. Bf6 c5 54. dxc5 Rd5 55. Re7+ 1-0